| 000 | 00941nam a22003017a 4500 | ||
|---|---|---|---|
| 001 | 200462218 | ||
| 003 | TR-AnTOB | ||
| 005 | 20250709111338.0 | ||
| 008 | 240806b tu ||||| |||| 00| 0 tur d | ||
| 020 | _a9789944609982 | ||
| 040 |
_beng _erda _cTR-AnTOB _aTR-AnTOB |
||
| 041 | 0 | _atur | |
| 092 |
_a813.42 _bERS 2011 |
||
| 100 | 1 |
_aErsoy, Mehmet Akif _d1873-1936 _eauthor _9122057 |
|
| 245 | 1 |
_aSafahat/ _cMehmet Akif Ersoy ; yay. haz. Necmettin Turinay; çev.: Necat Çavuş. |
|
| 260 |
_aAnkara : _bTOBB, _c2011. |
||
| 300 |
_a755 Pages : _c30 cm. |
||
| 336 |
_ametin _btxt _2rdacontent |
||
| 337 |
_aaracısız _bn _2rdamedia |
||
| 338 |
_acilt _bnc _2rdacarrier |
||
| 490 | 1 |
_aTOBB ; _v142. |
|
| 500 | _aKapakta: Mehmet Akif Ersoy şiir külliyatı : Safahat. | ||
| 600 | 1 | 0 |
_aErsoy, Mehmet Akif _d1873-1936 _9122057 |
| 650 | 0 |
_aTürk şiiri. _984273 |
|
| 942 |
_2ddc _cBK |
||
| 999 |
_c200462218 _d80430 |
||